| 000 | 00593nam a2200145 i 4500 | ||
|---|---|---|---|
| 001 | bg | ||
| 245 | 0 |
_aFiziko-chemiceskaja mechanika i liofil'nost' dispersnych sistem ; _brespublikanskij meżvedomstvennyj sbornik naucnych trudov. _nVol. 20 / _cAkademija Nauk Ukrainskoj SSR. Otdelenie Prirodnych Dispersnych Sistem Instituta Kolloidoj Chimii i Chimii Vody im. A. V. Dumanskogo. |
|
| 260 |
_aKiev : _b"Naukova Dumka", _c1989. |
||
| 300 |
_a95, [1] s. : _brys., wykr. ; _c26 cm. |
||
| 040 | _cBPK | ||
| 041 | _apol | ||
| 080 | _a541.18 | ||
| 942 | _cKS | ||
| 008 | s pl f |000 0 pol | ||
| 999 |
_c29062 _d29062 |
||